|
|
|
|
| LEADER |
02975nam a2200637 4500 |
| 001 |
ocn868068038 |
| 003 |
OCoLC |
| 005 |
20170124071301.2 |
| 006 |
m o d |
| 007 |
cr cnu---unuuu |
| 008 |
140114s2013 nju ob 001 0 eng d |
| 040 |
|
|
|a N$T
|b eng
|e rda
|e pn
|c N$T
|d DG1
|d CDX
|d OCLCF
|d S4S
|d OCLCQ
|d DEBBG
|d GrThAP
|
| 019 |
|
|
|a 891888937
|
| 020 |
|
|
|a 9781118351260
|q (electronic bk.)
|
| 020 |
|
|
|a 1118351266
|q (electronic bk.)
|
| 020 |
|
|
|a 9781118351284
|q (electronic bk.)
|
| 020 |
|
|
|a 1118351282
|q (electronic bk.)
|
| 020 |
|
|
|z 9781118351246
|
| 020 |
|
|
|z 111835124X
|
| 020 |
|
|
|z 9781118351253
|
| 020 |
|
|
|z 1118351258
|
| 020 |
|
|
|z 9781118351307
|
| 020 |
|
|
|z 1118351304
|
| 029 |
1 |
|
|a GBVCP
|b 79021203X
|
| 029 |
1 |
|
|a NLGGC
|b 372969429
|
| 029 |
1 |
|
|a NZ1
|b 15500038
|
| 029 |
1 |
|
|a NZ1
|b 15920419
|
| 029 |
1 |
|
|a DEBBG
|b BV043396463
|
| 035 |
|
|
|a (OCoLC)868068038
|z (OCoLC)891888937
|
| 050 |
|
4 |
|a SB953
|b .M37 2013eb
|
| 070 |
|
|
|a SB953
|b .M37 2013
|
| 072 |
|
7 |
|a TEC
|x 010000
|2 bisacsh
|
| 082 |
0 |
4 |
|a 628.1/6842
|2 23
|
| 049 |
|
|
|a MAIN
|
| 100 |
1 |
|
|a Matthews, G. A.
|
| 245 |
1 |
0 |
|a Pesticide application methods /
|c G.A. Matthews ; in collaboration with Roy Bateman and Paul Miller.
|
| 250 |
|
|
|a Fourth edition.
|
| 264 |
|
1 |
|a Hoboken, NJ :
|b John Wiley & Sons,
|c 2013.
|
| 300 |
|
|
|a 1 online resource.
|
| 336 |
|
|
|a text
|b txt
|2 rdacontent
|
| 337 |
|
|
|a computer
|b c
|2 rdamedia
|
| 338 |
|
|
|a online resource
|b cr
|2 rdacarrier
|
| 504 |
|
|
|a Includes bibliographical references and index.
|
| 505 |
0 |
|
|a Chemical control in integrated pest management -- Targets for pesticide deposition -- Formulation of pesticides -- Spray droplets -- Hydraulic nozzles -- Manually carried sprayers -- Large-scale farm hydraulic sprayers -- Air-assisted sprayers for orchards -- Controlled droplet application -- Electrostatically charged sprays -- Aerial application -- Spray drift -- Seed treatment and granule application -- Space treatment by fogging -- Specialist application techniques (injection, fumigation and other techniques) -- Application of bio-pesticides -- Maintenance of equipment -- Safety precautions -- Equipment for laboratory and field trials -- Selection of spraying equipment for chemical and biological pesticides.
|
| 588 |
0 |
|
|a Print version record.
|
| 650 |
|
0 |
|a Pesticides
|x Application.
|
| 650 |
|
0 |
|a Spraying and dusting in agriculture.
|
| 650 |
|
0 |
|a Spraying equipment.
|
| 650 |
|
7 |
|a TECHNOLOGY & ENGINEERING
|x Environmental
|x General.
|2 bisacsh
|
| 650 |
|
7 |
|a Pesticides
|x Application.
|2 fast
|0 (OCoLC)fst01059013
|
| 650 |
|
7 |
|a Spraying and dusting in agriculture.
|2 fast
|0 (OCoLC)fst01130882
|
| 650 |
|
7 |
|a Spraying equipment.
|2 fast
|0 (OCoLC)fst01130890
|
| 655 |
|
4 |
|a Electronic books.
|
| 776 |
0 |
8 |
|i Print version:
|a Matthews, G.A.
|t Pesticide application methods.
|b Fourth edition
|z 9781118351246
|w (DLC) 2013029870
|w (OCoLC)852823590
|
| 856 |
4 |
0 |
|u https://doi.org/10.1002/9781118351284
|z Full Text via HEAL-Link
|
| 994 |
|
|
|a 92
|b DG1
|